Văn học Rumani giản lược
Bức tranh văn học Rumani. Giới thiệu các tác gia, tác phẩm tiêu biểu
Saved in:
| Main Author: | |
|---|---|
| Format: | Book |
| Language: | Vietnamese |
| Published: |
H.
Đại học Sư phạm
2010
|
| Subjects: | |
| Tags: |
Add Tag
No Tags, Be the first to tag this record!
|
| Institutions: | Mạng thư viện Đại học Đà Nẵng |
|---|
| LEADER | 01392aam a22004218a 4500 | ||
|---|---|---|---|
| 001 | 000023037 | ||
| 003 | 19486 | ||
| 005 | 20150526100539.0 | ||
| 008 | 150525s2010 viesd | ||
| 020 | |c 95000đ |d 2000b | ||
| 041 | 0 | |a vie | |
| 082 | 1 | 4 | |2 14 |a 859 |b LÊ-C |
| 100 | 1 | |a Lê Nguyên Cẩn | |
| 245 | 1 | 0 | |a Văn học Rumani giản lược |c Lê Nguyên Cẩn |
| 260 | |a H. |b Đại học Sư phạm |c 2010 | ||
| 300 | |a 439 tr. |b bảng |c 24 cm. | ||
| 504 | |a Thư mục đầu sách | ||
| 520 | 3 | |a Bức tranh văn học Rumani. Giới thiệu các tác gia, tác phẩm tiêu biểu | |
| 650 | 0 | 4 | |2 Bộ TK TVQG |a Văn học Rumani |x Nghiên cứu |z Rumani |
| 650 | 7 | |2 Bộ TK TVQG | |
| 650 | 7 | |2 Bộ TK TVQG | |
| 650 | 7 | |2 Bộ TK TVQG | |
| 650 | 7 | |2 Bộ TK TVQG | |
| 650 | 7 | |2 Bộ TK TVQG | |
| 653 | |a Văn học Rumani | ||
| 653 | |a Tác gia | ||
| 653 | |a Tác phẩm | ||
| 655 | 7 | |2 Bộ TK TVQG |a Sách đọc thêm | |
| OWN | |a LSP | ||
| AVA | |a UDN50 |b LSP |d 859 LÊ-C |e available |t Error 5001 Not defined in file expand_doc_bib_avail. |f 5 |g 0 |h N |i 0 |k 1 | ||
| 999 | |a From the UDN01 | ||
| AVA | |a UDN50 |b LSP |d 859 LÊ-C |e available |t Error 5001 Not defined in file expand_doc_bib_avail. |f 5 |g 0 |h N |i 0 |k 1 | ||
| TYP | |a Monograph | ||
| TYP | |a Printed language | ||
| 980 | |a Mạng thư viện Đại học Đà Nẵng | ||